| 000 | 00789nam a2200301Ia 4500 | ||
|---|---|---|---|
| 008 | 160803s9999 xx 000 0 und d | ||
| 020 | _a9780545148337 | ||
| 100 | _aCaoucilli, Alyssa | ||
| 245 | _aBiscuit and the little pup / | ||
| 245 | _cstory by Alyssa Satin Capucilli ; pictures by Pat Schories. | ||
| 260 | _aNew York : | ||
| 260 | _bScholastic Inc. | ||
| 260 | _c2008 | ||
| 300 | _a29 pages : | ||
| 300 | _bcolor illustrations ; | ||
| 300 | _c24 cm. | ||
| 650 | _aAnimals -- Infancy -- | ||
| 650 | _aAnimals -- Infancy -- | ||
| 650 | _aDogs -- | ||
| 650 | _aDogs -- | ||
| 650 | _aPlay -- | ||
| 650 | _x Fiction. | ||
| 650 | _xFiction. | ||
| 650 | _xJuvenile fiction. | ||
| 650 | _xJuvenile fiction. | ||
| 650 | _xJuvenile fiction. | ||
| 700 | _aBR | ||
| 999 |
_c298163 _d298163 |
||